Normal view
MARC view
- Monroe, James S.
Entry Personal Name
001 - CONTROL NUMBER
- control field: 28239
003 - CONTROL NUMBER IDENTIFIER
- control field: NUST
005 - DATE AND TIME OF LATEST TRANSACTION
- control field: 20200131145850.0
008 - FIXED-LENGTH DATA ELEMENTS
- fixed length control field: 200131|| aca||aabn | a|a d
040 ## - CATALOGING SOURCE
- Original cataloging agency: NUST
- Transcribing agency: NUST
100 ## - HEADING--PERSONAL NAME
- Personal name: Monroe, James S.
- Fuller form of name: (James Stewart),
- Dates associated with a name: 1938-
670 ## - SOURCE DATA FOUND
- Source citation: Work cat.: (NUST)0: Monroe, James S. (James Stewart), 1938-, Essentials of geology /, c2002.
